Hospodárske vzťahy Slovenskej republiky a Ruskej federácie po vstupe do EÚ diplomová práca

Gespeichert in:
Bibliographische Detailangaben
1. Verfasser: Kudelásová, Miroslava
Körperschaft: Obchodná fakulta EU. Katedra medzinárodného obchodu
Weitere Verfasser: Rosenberg, Miloslav
Format: Buch
Sprache:Slowakisch
Veröffentlicht: Bratislava 2008
Tags: Tag hinzufügen
Keine Tags, Fügen Sie das erste Tag hinzu!

MARC

LEADER 00000nam$a2200000$$$4500
001 0085827
005 20240201115257.6
041 0 |a slo 
044 |a SK 
245 1 0 |a Hospodárske vzťahy Slovenskej republiky a Ruskej federácie po vstupe do EÚ  |b diplomová práca  |c Miroslava Kudelásová ; škol. Miloslav Rosenberg 
264 1 |a Bratislava  |c 2008 
300 |a 92 s. 
100 1 |a Kudelásová, Miroslava 
700 1 |a Rosenberg, Miloslav 
710 2 |a Obchodná fakulta EU. Katedra medzinárodného obchodu